Charlie and the great glass elevator / (Record no. 4210)

MARC details
000 -LEADER
fixed length control field 01115cam a2200349 4500
001 - CONTROL NUMBER
control field 4210
003 - CONTROL NUMBER IDENTIFIER
control field FISKH
005 - DATE AND TIME OF LATEST TRANSACTION
control field 20240704152545.0
008 - FIXED-LENGTH DATA ELEMENTS--GENERAL INFORMATION
fixed length control field 720508s1972 nyua j 000 1 eng
010 ## - LIBRARY OF CONGRESS CONTROL NUMBER
LC control number 72002434
020 ## - INTERNATIONAL STANDARD BOOK NUMBER
International Standard Book Number 0394824725
020 ## - INTERNATIONAL STANDARD BOOK NUMBER
International Standard Book Number 9780142410325
040 ## - CATALOGING SOURCE
Original cataloging agency DLC
Transcribing agency DLC
Modifying agency DLC
Language of cataloging eng
050 00 - LIBRARY OF CONGRESS CALL NUMBER
Classification number PZ7.D1515
082 ## - DEWEY DECIMAL CLASSIFICATION NUMBER
Classification number 823.914
100 1# - MAIN ENTRY--PERSONAL NAME
Personal name Dahl, Roald.
245 10 - TITLE STATEMENT
Title Charlie and the great glass elevator /
Statement of responsibility, etc. Roald Dahl ; Illustrated by Quentin Blake
260 ## - PUBLICATION, DISTRIBUTION, ETC.
Place of publication, distribution, etc. New York :
Name of publisher, distributor, etc. Puffin Books,
Date of publication, distribution, etc. 1972.
300 ## - PHYSICAL DESCRIPTION
Extent 159 pages :
Other physical details illustrations ;
Dimensions 20 cm
350 ## - PRICE (NR) (BK AM CF MU VM SE) [OBSOLETE]
Price $3.95
505 ## - FORMATTED CONTENTS NOTE
Formatted contents note R<br/>
520 ## - SUMMARY, ETC.
Summary, etc. Taking up where Charlie and the Chocolate Factory leaves off, Charlie, his family, and Mr. Wonka find themselves launched into space in the great glass elevator.
521 8# - TARGET AUDIENCE NOTE
Target audience note 720<br/>
Source Lexile<br/>
521 8# - TARGET AUDIENCE NOTE
Target audience note R<br/>
Source Raz-Plus<br/>
650 #1 - SUBJECT ADDED ENTRY--TOPICAL TERM
Topical term or geographic name entry element Outer space
Form subdivision Fiction.
650 #1 - SUBJECT ADDED ENTRY--TOPICAL TERM
Topical term or geographic name entry element Science fiction.
650 #1 - SUBJECT ADDED ENTRY--TOPICAL TERM
Topical term or geographic name entry element Humorous stories.
700 ## - ADDED ENTRY--PERSONAL NAME
Personal name Blake, Quentin
Relator term illustrator
906 ## - LOCAL DATA ELEMENT F, LDF (RLIN)
a 7
b cbc
c orignew
d 1
e ocip
f 19
g y-gencatlg
942 ## - ADDED ENTRY ELEMENTS (KOHA)
Source of classification or shelving scheme Dewey Decimal Classification
Koha item type Books
Suppress in OPAC No
Holdings
Withdrawn status Lost status Source of classification or shelving scheme Damaged status Not for loan Collection Home library Current library Shelving location Date acquired Total Checkouts Full call number Barcode Date last seen Price effective from Koha item type
    Dewey Decimal Classification     Juvenile Fiction Footprints International School Library Network Toul Kork Campus Footprints International School Library Network Toul Kork Campus TK Primary Library Room(4th Floor), Bookcase 5&6, Shelves 33-56, Orange Books 07/04/2024   DAH 823.914 PZ7.D1515 FISTK00027 07/04/2024 07/04/2024 Books